000 00310nam a2200133Ia 4500
008 150201s2011 xx 000 0 und d
082 _a610.7368
_bP11S
100 _aSWARUP , NUPUR
245 _aPSYCHIATRIS NURSING
260 _bAITBS
_aDELHI
_c2011
300 _a124
650 _aPSYCHIATRY
942 _2ddc
_cBK
999 _c1932
_d1932